Adventure Time Characters by Bad Description - Statistics

General Stats
  • This quiz has been taken 29 times
  • The average score is 9 of 11
Answer Stats
Hint Answer % Correct
Talking, walking video game console BMO
100%
Abandoned child that was raised by dogs Finn the Human
100%
Insane man controlled by crown Ice King
100%
Traumitized vampire guitarist Marceline the Vampire Queen
100%
Long, rainbow horse that doesn't speak english Lady Rainicorn
96%
Uptight gum woman who is a scientist Princess Bubblegum
96%
Mutant dog that is part blue alien Jake the Dog
88%
Piece of candy that likes dark magic Peppermint Butler
88%
Bossy cloud Lumpy Space Princess
71%
Leafy, green woman with blue superhero mask Huntress Wizard
58%
Space monster in a bird Gunther/Gunter/Orgalorg
50%
No matching quizzes found
Score Distribution
Percent of People with Each Score
Percentile by Number Answered
Your Score History
You have not taken this quiz